| 000 | 00554nam a2200217 i 4500 | ||
|---|---|---|---|
| 001 | 10651 | ||
| 003 | ES-MaACL | ||
| 005 | 20230906145930.0 | ||
| 007 | t| | ||
| 008 | 950926s1994 sp ||||1| spa d | ||
| 020 | _a84-7683-319-9 | ||
| 080 | _a860-82"19" | ||
| 100 | 1 |
_aLuca, Andrea. _974506 |
|
| 245 | 1 | 0 |
_aTinta de noche / _cAndrea Luca. |
| 260 |
_aMadrid : _bLibertarias, _c1994. |
||
| 300 |
_a154 p. ; _c22 cm. |
||
| 490 | 1 |
_aEnsayo ; _v27 |
|
| 830 | 0 |
_aEnsayo ; _v27 _9177699 |
|
| 852 |
_aES-MaACL _jL-17964 _bR.122997 |
||
| 999 |
_c10651 _d10651 |
||